[Event "KAZ-ch (Women)"]
[Site "Astana"]
[Date "2024.12.04"]
[Round "4"]
[White "Kurmangaliyeva, Liya"]
[Black "Balabayeva, Kseniya"]
[Result "1-0"]
[WhiteElo "2266"]
[BlackElo "2315"]
[PlyCount "193"]
[EventDate "2024.12.01"]
[EventType "tourn"]
[EventRounds "13"]
[EventCountry "KAZ"]
[SourceTitle "CB51_2024"]
[SourceDate "2024.12.18"]
[SourceVersion "1"]
[SourceVersionDate "2024.12.18"]
[SourceQuality "1"]

1. e4 c6 2. d4 d5 3. e5 Bf5 4. h4 h5 5. Bd3 Bxd3 6. Qxd3 Qa5+ 7. b4 Qxb4+ 8. Nd2 Qb5 9. c4 dxc4 10. Nxc4 Qd5 11. Ne2 e6 12. 0-0 b5 13. Ne3 Qd8 14. Qe4 Nh6 15. g3 Be7 16. Nf4 Ng4 17. Neg2 a5 18. Nxh5 Rxh5 19. Qxg4 Rh7 20. Qe4 Rh8 21. Nf4 Ra7 22. Be3 Rd7 23. Rac1 Kf8 24. Kg2 a4 25. Rh1 b4 26. Qc2 Qa5 27. Qc4 Rb7 28. Rb1 Qb5 29. Rhc1 Ke8 30. Qc2 Kd7 31. Qd1 g6 32. Rc2 Na6 33. Rd2 Nc7 34. h5 gxh5 35. d5 Nxd5 36. Nxh5 Qc4 37. Qf3 Rxh5 38. Rc1 Qa6 39. Qxh5 b3 40. axb3 axb3 41. Bd4 Qa5 42. Bc3 Qa4 43. Bb2 Qe4+ 44. Kg1 Qg6 45. Qxg6 fxg6 46. Rd3 Kc7 47. Kf1 c5 48. Ke2 Kc6 49. Rf3 Rb4 50. Ba3 Rb5 51. Bb2 Rb6 52. Rd3 g5 53. Kf3 Rb4 54. Ba3 g4+ 55. Kg2 Kb5 56. Bxb4 Kxb4 57. f4 gxf3+ 58. Kxf3 Bg5 59. Rxb3+ Kxb3 60. Rxc5 Ne7 61. Rc7 Ng6 62. Ke4 Bd2 63. Rg7 Nf8 64. Rf7 Bb4 65. g4 Kc4 66. g5 Bc5 67. Rg7 Kb5 68. g6 Kc6 69. Rc7+ Kxc7 70. g7 Kd7 71. g8Q Ke8 72. Kd3 Be7 73. Kc4 Ba3 74. Qg2 Be7 75. Qg8 Ba3 76. Kb3 Be7 77. Kc3 Bc5 78. Qg7 Be7 79. Kc4 Ba3 80. Kb5 Be7 81. Kc6 Ba3 82. Qf6 Be7 83. Qf3 Bd8 84. Qh5+ Ke7 85. Qg5+ Ke8 86. Qh5+ Ke7 87. Qh8 Ke8 88. Qg7 Be7 89. Kc7 Bb4 90. Qg4 Bc5 91. Kc8 Kf7 92. Qf3+ Kg7 93. Qf6+ Kg8 94. Kd8 Bb6+ 95. Ke8 Bc5 96. Qf7+ Kh8 97. Qxf8+ 1-0

[Event "KAZ-ch (Women)"]
[Site "Astana"]
[Date "2024.12.03"]
[Round "3"]
[White "Balabayeva, Kseniya"]
[Black "Kairbekova, Amina"]
[Result "1/2-1/2"]
[WhiteElo "2315"]
[BlackElo "2309"]
[PlyCount "85"]
[EventDate "2024.12.01"]
[EventType "tourn"]
[EventRounds "13"]
[EventCountry "KAZ"]
[SourceTitle "CB51_2024"]
[SourceDate "2024.12.18"]
[SourceVersion "1"]
[SourceVersionDate "2024.12.18"]
[SourceQuality "1"]

1. d4 Nf6 2. Nf3 d5 3. c4 e6 4. Nc3 dxc4 5. e3 a6 6. a4 c5 7. Bxc4 Nc6 8. dxc5 Qxd1+ 9. Kxd1 Bxc5 10. Bd2 b6 11. Ke2 Bb7 12. Rhc1 0-0 13. Na2 a5 14. Bb5 Ne4 15. Nc3 Nd6 16. Ne1 Ne5 17. b3 Rfd8 18. h3 Bb4 19. Nb1 Nxb5 20. axb5 Bf8 21. Nc3 Bc8 22. f4 Ng6 23. Nf3 Bd7 24. Nd4 Bc5 25. Nc6 Bxc6 26. bxc6 Rac8 27. Na4 Rxc6 28. Bxa5 Rdc8 29. Bd2 Ne7 30. Ra2 Bd6 31. Rxc6 Rxc6 32. b4 b5 33. Nb2 f5 34. Nd3 Nd5 35. Ra5 Nc7 36. Ra7 Kf7 37. Rb7 Ke7 38. Rb8 Rc2 39. Kd1 Ra2 40. g4 Ra8 41. Rb6 Ra6 42. Rb8 Ra8 43. Rb6 1/2-1/2

[Event "KAZ-ch (Women)"]
[Site "Astana"]
[Date "2024.12.02"]
[Round "2"]
[White "Nurgaliyeva, Zarina"]
[Black "Balabayeva, Kseniya"]
[Result "1/2-1/2"]
[WhiteElo "2263"]
[BlackElo "2315"]
[PlyCount "90"]
[EventDate "2024.12.01"]
[EventType "tourn"]
[EventRounds "13"]
[EventCountry "KAZ"]
[SourceTitle "CB51_2024"]
[SourceDate "2024.12.18"]
[SourceVersion "1"]
[SourceVersionDate "2024.12.18"]
[SourceQuality "1"]

1. e4 c6 2. d4 d5 3. Nd2 dxe4 4. Nxe4 Nf6 5. Nxf6+ exf6 6. Bd3 Qxd4 7. Nf3 Qb6 8. 0-0 Be6 9. Re1 Bc5 10. Be3 Nd7 11. b4 Bxe3 12. Rxe3 Qxb4 13. Rb1 Qd6 14. Nd4 0-0-0 15. Nxe6 fxe6 16. Qg4 f5 17. Qxg7 Rhg8 18. Qf7 Qd5 19. Bf1 Nc5 20. Ra3 Kb8 21. Ra5 Qd7 22. Qf6 Ne4 23. Qe5+ Qd6 24. Qb2 Rd7 25. Ra3 Qc5 26. c4 b6 27. Rd3 Rgd8 28. Rbd1 Rxd3 29. Rxd3 Rxd3 30. Bxd3 e5 31. Bxe4 fxe4 32. Qe2 Qd4 33. h4 Kb7 34. Qh5 e3 35. Qxh7+ Ka6 36. fxe3 Qxe3+ 37. Kh2 Qf4+ 38. g3 Qf2+ 39. Kh3 Qf1+ 40. Kg4 Qxc4+ 41. Kf3 Qc3+ 42. Ke2 Qb2+ 43. Kf3 Qc3+ 44. Ke2 Qb2+ 45. Kf3 Qc3+ 1/2-1/2

[Event "KAZ-ch (Women)"]
[Site "Astana"]
[Date "2024.12.01"]
[Round "1"]
[White "Balabayeva, Kseniya"]
[Black "Assylkhan, Asiya"]
[Result "0-1"]
[WhiteElo "2315"]
[BlackElo "1833"]
[PlyCount "110"]
[EventDate "2024.12.01"]
[EventType "tourn"]
[EventRounds "13"]
[EventCountry "KAZ"]
[SourceTitle "CB51_2024"]
[SourceDate "2024.12.18"]
[SourceVersion "1"]
[SourceVersionDate "2024.12.18"]
[SourceQuality "1"]

1. e4 e6 2. d4 d5 3. Nd2 c5 4. Ngf3 cxd4 5. Nxd4 Nf6 6. exd5 a6 7. N2f3 Nxd5 8. c4 Nf6 9. Be2 Bd6 10. 0-0 0-0 11. Qc2 e5 12. Nb3 Nc6 13. Rd1 Qc7 14. c5 Be7 15. h3 Be6 16. Bc4 Bxc4 17. Qxc4 Rad8 18. Be3 h6 19. a3 Rxd1+ 20. Rxd1 Rd8 21. Rc1 Qd7 22. Nbd2 Nd5 23. Ne4 Nxe3 24. fxe3 Qd3 25. Rc3 Qxc4 26. Rxc4 Rd3 27. Kf2 f5 28. Ne1 Rb3 29. Nd2 Rxb2 30. Ke2 Rb5 31. e4 Rxc5 32. exf5 Rxc4 33. Nxc4 b5 34. Ne3 Bxa3 35. Kd3 Bc5 36. Nd5 a5 37. Nc3 Bb4 38. Nf3 Bxc3 39. Kxc3 Kf7 40. g4 Kf6 41. Nd2 Ke7 42. Ne4 Nd4 43. h4 Nf3 44. h5 Nd4 45. Nc5 Nc6 46. Ne4 a4 47. Nc5 b4+ 48. Kb2 a3+ 49. Ka2 Kf7 50. Ne4 Nd4 51. Nd6+ Ke7 52. Ne4 Ne2 53. g5 Nc3+ 54. Nxc3 bxc3 55. gxh6 c2 0-1

[Event "Swiss Queens Wed #43"]
[Site "FIDE Online Arena INT"]
[Date "2024.11.20"]
[Round "6"]
[White "Badelka, Olga"]
[Black "Balabayeva, Kseniya"]
[Result "1-0"]
[WhiteElo "2440"]
[BlackElo "2335"]
[PlyCount "65"]
[EventDate "2024.11.20"]
[EventType "swiss (blitz)"]
[EventRounds "11"]
[EventCountry "NET"]
[SourceTitle "CB48_2024"]
[SourceDate "2024.11.28"]
[SourceVersion "1"]
[SourceVersionDate "2024.11.28"]
[SourceQuality "1"]

1. c4 e6 2. Nc3 d5 3. d4 Nf6 4. cxd5 exd5 5. Bg5 Be7 6. e3 c6 7. Bd3 Nbd7 8. Nge2 Nh5 9. Bxe7 Qxe7 10. Qc2 Nb6 11. 0-0-0 Be6 12. Kb1 0-0-0 13. a4 Qb4 14. Nc1 Nf6 15. N1a2 Qe7 16. a5 Nc4 17. Bxc4 dxc4 18. e4 g5 19. a6 b5 20. d5 Bd7 21. Rhe1 cxd5 22. e5 Ne8 23. Nxd5 Qc5 24. Nab4 Be6 25. Qe4 Rd7 26. Ne7+ Kd8 27. Rxd7+ Bxd7 28. Nf5 Nc7 29. Rd1 Ke8 30. Nd6+ Ke7 31. Nd5+ Nxd5 32. Rxd5 Qxf2 33. Rd1 1-0

[Event "Swiss Queens Wed #43"]
[Site "FIDE Online Arena INT"]
[Date "2024.11.20"]
[Round "10"]
[White "Balabayeva, Kseniya"]
[Black "Ambartsumova, Karina"]
[Result "0-1"]
[WhiteElo "2335"]
[BlackElo "2405"]
[PlyCount "90"]
[EventDate "2024.11.20"]
[EventType "swiss (blitz)"]
[EventRounds "11"]
[EventCountry "NET"]
[SourceTitle "CB48_2024"]
[SourceDate "2024.11.28"]
[SourceVersion "1"]
[SourceVersionDate "2024.11.28"]
[SourceQuality "1"]

1. d4 Nf6 2. Bf4 e6 3. e3 d5 4. Nf3 Bd6 5. Ne5 0-0 6. Nd2 b6 7. Bd3 Ba6 8. Bxa6 Nxa6 9. Qf3 Nb4 10. 0-0 Nxc2 11. Rac1 Nb4 12. a3 Na6 13. Bg5 Nb8 14. Ng4 Nbd7 15. e4 Be7 16. e5 Ne8 17. Bxe7 Qxe7 18. Qg3 Kh8 19. f4 f5 20. exf6 Ndxf6 21. Rce1 Nd6 22. Ne5 Rae8 23. Qh3 Kg8 24. Ndf3 Nfe4 25. Nc6 Qf7 26. Nfe5 Qf6 27. g4 g5 28. Nd7 Qg7 29. Nxf8 Rxf8 30. fxg5 Rxf1+ 31. Rxf1 Nxg5 32. Qe3 Nde4 33. Ne5 h6 34. Qf4 Nh3+ 35. Kg2 Nxf4+ 36. Rxf4 Qg5 37. Kf3 Nd2+ 38. Kg3 Ne4+ 39. Kf3 Qe7 40. Ng6 Qd6 41. Ne5 c5 42. Nf7 Qf8 43. dxc5 Qxc5 44. Nxh6+ Kg7 45. Nf7 Qf2# 0-1

[Event "Swiss Queens Wed #43"]
[Site "FIDE Online Arena INT"]
[Date "2024.11.20"]
[Round "1"]
[White "Balabayeva, Kseniya"]
[Black "Bubnova, Uliana"]
[Result "1-0"]
[WhiteElo "2335"]
[BlackElo "1852"]
[PlyCount "73"]
[EventDate "2024.11.20"]
[EventType "swiss (blitz)"]
[EventRounds "11"]
[EventCountry "NET"]
[SourceTitle "CB48_2024"]
[SourceDate "2024.11.28"]
[SourceVersion "1"]
[SourceVersionDate "2024.11.28"]
[SourceQuality "1"]

1. e4 e5 2. Nf3 Nc6 3. Bc4 Nf6 4. d3 Be7 5. a4 0-0 6. Nc3 d6 7. 0-0 Bg4 8. h3 Bh5 9. Be3 Nd4 10. Bxd4 exd4 11. Nd5 Nxd5 12. exd5 Qd7 13. a5 a6 14. Rb1 Qf5 15. Nxd4 Qg6 16. Qd2 Bf6 17. Ne2 Be5 18. f4 Bxe2 19. Qxe2 Bd4+ 20. Kh2 Rae8 21. Qg4 Qf6 22. c3 Be3 23. d4 Re4 24. g3 Rfe8 25. Bd3 R4e7 26. Rbe1 g6 27. Re2 h5 28. Qf3 h4 29. Rfe1 hxg3+ 30. Kxg3 g5 31. Rxe3 gxf4+ 32. Qxf4 Qg7+ 33. Kh2 Rxe3 34. Rxe3 Rxe3 35. Qxe3 Qf6 36. Qe4 Qf2+ 37. Qg2+ 1-0

[Event "Swiss Queens Wed #43"]
[Site "FIDE Online Arena INT"]
[Date "2024.11.20"]
[Round "3"]
[White "Balabayeva, Kseniya"]
[Black "Lesbekova, Asel"]
[Result "0-1"]
[WhiteElo "2335"]
[BlackElo "1952"]
[PlyCount "94"]
[EventDate "2024.11.20"]
[EventType "swiss (blitz)"]
[EventRounds "11"]
[EventCountry "NET"]
[SourceTitle "CB48_2024"]
[SourceDate "2024.11.28"]
[SourceVersion "1"]
[SourceVersionDate "2024.11.28"]
[SourceQuality "1"]

1. e4 c5 2. Nf3 Nc6 3. Bb5 e6 4. 0-0 Nge7 5. Re1 a6 6. Bf1 d5 7. exd5 Nxd5 8. c3 Be7 9. d4 0-0 10. c4 Nf6 11. Be3 Ng4 12. d5 Nxe3 13. Rxe3 Bf6 14. Nc3 Nd4 15. h3 h6 16. Bd3 exd5 17. Nxd5 Nxf3+ 18. Qxf3 Bxb2 19. Rb1 Bd4 20. Re2 Be6 21. Qe4 g6 22. Rxb7 Bxd5 23. cxd5 Re8 24. Qf3 Qf6 25. Qxf6 Bxf6 26. Rxe8+ Rxe8 27. d6 Rd8 28. d7 Kf8 29. Bxa6 Ke7 30. Bb5 Ra8 31. a4 Kd8 32. Kf1 c4 33. Bxc4 Rxa4 34. Bxf7 Rd4 35. Be6 Ke7 36. Bg4 h5 37. Bf3 Rd6 38. Ke2 Re6+ 39. Kd3 Rd6+ 40. Ke4 Rd4+ 41. Ke3 Rxd7 42. Rxd7+ Kxd7 43. Be4 Bg5+ 44. Kd4 Bf6+ 45. Kd5 g5 46. Bf5+ Ke7 47. f3 h4 0-1

[Event "Swiss Queens Wed #43"]
[Site "FIDE Online Arena INT"]
[Date "2024.11.20"]
[Round "9"]
[White "Balabayeva, Kseniya"]
[Black "Preobrazhenskaya, Diana"]
[Result "1-0"]
[WhiteElo "2335"]
[BlackElo "2051"]
[PlyCount "151"]
[EventDate "2024.11.20"]
[EventType "swiss (blitz)"]
[EventRounds "11"]
[EventCountry "NET"]
[SourceTitle "CB48_2024"]
[SourceDate "2024.11.28"]
[SourceVersion "1"]
[SourceVersionDate "2024.11.28"]
[SourceQuality "1"]

1. d4 Nf6 2. Bf4 d5 3. e3 c5 4. dxc5 e6 5. b4 a5 6. c3 Ne4 7. f3 Nf6 8. Nd2 Nc6 9. Bb5 Bd7 10. Qb3 Nh5 11. Ne2 Nxf4 12. exf4 g6 13. 0-0 Bg7 14. Rad1 0-0 15. a4 Qe8 16. Kh1 d4 17. Bxc6 Bxc6 18. b5 d3 19. Nc1 Bd7 20. Nxd3 Rd8 21. Ne4 Bc8 22. Ne5 Qe7 23. Nd6 f6 24. Nxc8 Rxc8 25. Nd7 Rfd8 26. Nb6 Rb8 27. Qc4 Kh8 28. g3 Rxd1 29. Rxd1 Re8 30. Re1 Qf7 31. c6 bxc6 32. bxc6 Qc7 33. Nd7 Re7 34. Rxe6 Rxe6 35. Qxe6 Qc8 36. Kg2 h6 37. f5 gxf5 38. Qxf5 Qxc6 39. c4 Qxc4 40. Nxf6 Qa2+ 41. Kh3 Bxf6 42. Qxf6+ Kh7 43. Qf5+ Kh8 44. Qxa5 Qb1 45. Qe5+ Kg8 46. Qe6+ Kg7 47. Qe7+ Kg8 48. Qe6+ Kg7 49. Qe5+ Kg8 50. a5 Qf1+ 51. Kg4 Qc4+ 52. f4 Qc8+ 53. f5 Qc4+ 54. Qf4 Qe2+ 55. Kh3 Qh5+ 56. Kg2 Qe2+ 57. Qf2 Qe4+ 58. Kh3 Qd5 59. a6 Qa8 60. a7 h5 61. Qb6 Kh7 62. Qc7+ Kh6 63. Qd6+ Kh7 64. Qg6+ Kh8 65. Qh6+ Kg8 66. Qg6+ Kh8 67. Qxh5+ Kg7 68. Qg6+ Kh8 69. Qh6+ Kg8 70. f6 Kf7 71. Qg7+ Ke6 72. f7 Qe4 73. f8Q Qd3 74. Qgf7+ Ke5 75. Q8e7+ Kd4 76. Qd6+ 1-0

[Event "Swiss Queens Wed #43"]
[Site "FIDE Online Arena INT"]
[Date "2024.11.20"]
[Round "5"]
[White "Balabayeva, Kseniya"]
[Black "Yurukova, Ginka"]
[Result "1-0"]
[WhiteElo "2335"]
[BlackElo "1638"]
[PlyCount "43"]
[EventDate "2024.11.20"]
[EventType "swiss (blitz)"]
[EventRounds "11"]
[EventCountry "NET"]
[SourceTitle "CB48_2024"]
[SourceDate "2024.11.28"]
[SourceVersion "1"]
[SourceVersionDate "2024.11.28"]
[SourceQuality "1"]

1. d4 d5 2. Bf4 Nf6 3. e3 e6 4. Nf3 Bd6 5. Ne5 0-0 6. Nd2 c6 7. Bd3 Qc7 8. g4 Nbd7 9. g5 Ne8 10. Ndf3 Bxe5 11. Nxe5 Nxe5 12. Bxe5 Qa5+ 13. c3 f5 14. gxf6 Nxf6 15. Rg1 Bd7 16. Qf3 Qd8 17. Qh3 g6 18. Bxg6 hxg6 19. Rxg6+ Kf7 20. Qh6 Rg8 21. Rxf6+ Ke8 22. Qh5+ 1-0

[Event "Swiss Queens Wed #43"]
[Site "FIDE Online Arena INT"]
[Date "2024.11.20"]
[Round "7"]
[White "Balabayeva, Kseniya"]
[Black "Zaksaite, Salomeja"]
[Result "1/2-1/2"]
[WhiteElo "2335"]
[BlackElo "2157"]
[PlyCount "98"]
[EventDate "2024.11.20"]
[EventType "swiss (blitz)"]
[EventRounds "11"]
[EventCountry "NET"]
[SourceTitle "CB48_2024"]
[SourceDate "2024.11.28"]
[SourceVersion "1"]
[SourceVersionDate "2024.11.28"]
[SourceQuality "1"]

1. d4 g6 2. e4 Bg7 3. Nc3 d6 4. g3 c6 5. a4 e5 6. Be3 Ne7 7. Bg2 Nd7 8. h3 0-0 9. Nge2 f5 10. 0-0 Nf6 11. dxe5 dxe5 12. Bc5 Bd7 13. f4 exf4 14. e5 Nh5 15. gxf4 Re8 16. Nd4 Bh6 17. Nce2 Nd5 18. Qd2 Rxe5 19. c4 Ndxf4 20. Nxf4 Rxc5 21. Nde2 Nxf4 22. Nxf4 Rxc4 23. Bd5+ cxd5 24. Qxd5+ Kh8 25. Qxc4 Qg5+ 26. Kh2 Bc6 27. Qd4+ Bg7 28. Qxg7+ Kxg7 29. Ne6+ Kf6 30. Nxg5 Kxg5 31. Rfe1 Rd8 32. Re2 Be4 33. a5 a6 34. b4 Rd4 35. Rb2 Kf4 36. Rf1+ Ke5 37. Rc1 f4 38. b5 axb5 39. Rxb5+ Bd5 40. Re1+ Kd6 41. Re2 f3 42. Rf2 g5 43. Kg3 h5 44. Rfb2 g4 45. hxg4 hxg4 46. Rb6+ Kc7 47. R6b5 Kd6 48. Rb6+ Kc7 49. R6b5 Kd6 1/2-1/2

[Event "Swiss Queens Wed #43"]
[Site "FIDE Online Arena INT"]
[Date "2024.11.20"]
[Round "11"]
[White "Khachatryan, Anna"]
[Black "Balabayeva, Kseniya"]
[Result "0-1"]
[WhiteElo "2118"]
[BlackElo "2335"]
[PlyCount "90"]
[EventDate "2024.11.20"]
[EventType "swiss (blitz)"]
[EventRounds "11"]
[EventCountry "NET"]
[SourceTitle "CB48_2024"]
[SourceDate "2024.11.28"]
[SourceVersion "1"]
[SourceVersionDate "2024.11.28"]
[SourceQuality "1"]

1. Nf3 d5 2. g3 Nf6 3. Bg2 e6 4. 0-0 Be7 5. d3 0-0 6. Nbd2 c5 7. e4 Nc6 8. e5 Nd7 9. Re1 Qc7 10. Qe2 Re8 11. Nf1 f6 12. exf6 Nxf6 13. Bf4 Bd6 14. Bxd6 Qxd6 15. Ne5 Bd7 16. c3 Nxe5 17. Qxe5 Qxe5 18. Rxe5 Bc6 19. c4 Kf7 20. Nd2 Rad8 21. Nf3 h6 22. Re2 Nd7 23. Rae1 Re7 24. Nh4 Nb6 25. Bh3 Rd6 26. b3 dxc4 27. Nf5 exf5 28. Rxe7+ Kf6 29. dxc4 Nd7 30. Bg2 Bxg2 31. Kxg2 a5 32. h4 b6 33. R1e2 Nf8 34. Re8 Ne6 35. Rb8 f4 36. Rb7 f3+ 37. Kf1 fxe2+ 38. Kxe2 Nd4+ 39. Kf1 Nc2 40. Kg2 Nb4 41. a3 Nc2 42. Kf3 Nd4+ 43. Ke4 Nxb3 44. f4 Nd2+ 45. Ke3 Nxc4+ 0-1

[Event "Swiss Queens Wed #43"]
[Site "FIDE Online Arena INT"]
[Date "2024.11.20"]
[Round "8"]
[White "Mejia, Cherry Ann"]
[Black "Balabayeva, Kseniya"]
[Result "0-1"]
[WhiteElo "1970"]
[BlackElo "2335"]
[PlyCount "80"]
[EventDate "2024.11.20"]
[EventType "swiss (blitz)"]
[EventRounds "11"]
[EventCountry "NET"]
[SourceTitle "CB48_2024"]
[SourceDate "2024.11.28"]
[SourceVersion "1"]
[SourceVersionDate "2024.11.28"]
[SourceQuality "1"]

1. e4 c6 2. d4 d5 3. e5 Bf5 4. Nf3 e6 5. Bd3 Bxd3 6. Qxd3 c5 7. dxc5 Nc6 8. 0-0 Bxc5 9. Rd1 Nge7 10. Qb5 Qb6 11. Qxb6 Bxb6 12. Nc3 Ng6 13. Re1 Nb4 14. Re2 Rc8 15. a3 Nc6 16. Nb5 Bc5 17. Be3 Ncxe5 18. Nxe5 Nxe5 19. Bxc5 Rxc5 20. Nd6+ Ke7 21. Nxb7 Rb5 22. Rxe5 Rxb7 23. b3 Rc8 24. Re2 Rbc7 25. Rc1 Rc3 26. g3 Rxb3 27. Rd1 Rxa3 28. Rxd5 Rxc2 29. Rxc2 exd5 30. Rc7+ Ke6 31. f4 Ra2 32. g4 d4 33. f5+ Kf6 34. Rd7 Rd2 35. Rxa7 d3 36. Rd7 g6 37. fxg6 hxg6 38. h3 Ke6 39. Rd8 f5 40. g5 Ke5 0-1

[Event "Swiss Queens Wed #43"]
[Site "FIDE Online Arena INT"]
[Date "2024.11.20"]
[Round "2"]
[White "Padmini, Rout"]
[Black "Balabayeva, Kseniya"]
[Result "1-0"]
[WhiteElo "2334"]
[BlackElo "2335"]
[PlyCount "71"]
[EventDate "2024.11.20"]
[EventType "swiss (blitz)"]
[EventRounds "11"]
[EventCountry "NET"]
[SourceTitle "CB48_2024"]
[SourceDate "2024.11.28"]
[SourceVersion "1"]
[SourceVersionDate "2024.11.28"]
[SourceQuality "1"]

1. Nf3 d5 2. g3 Nf6 3. Bg2 e6 4. 0-0 Be7 5. c4 0-0 6. d4 dxc4 7. a4 Nc6 8. Na3 Na5 9. e3 c5 10. dxc5 Qc7 11. b4 cxb3 12. Nb5 Qb8 13. e4 Bxc5 14. Bf4 a6 15. Bxb8 axb5 16. Bc7 bxa4 17. Rxa4 b6 18. Nd4 Bd7 19. Rxa5 bxa5 20. Nxb3 Bb4 21. e5 Nd5 22. Bd6 Rfc8 23. Bxd5 exd5 24. Qxd5 Be6 25. Qd1 a4 26. Nd4 Bxd6 27. exd6 Bd5 28. Re1 a3 29. d7 Rd8 30. Qg4 a2 31. Nf5 g6 32. Ne7+ Kf8 33. Nxd5 a1Q 34. Rxa1 Rxa1+ 35. Kg2 Ra7 36. Qb4+ 1-0

[Event "Swiss Queens Wed #43"]
[Site "FIDE Online Arena INT"]
[Date "2024.11.20"]
[Round "4"]
[White "Saranya, Devi Narahari"]
[Black "Balabayeva, Kseniya"]
[Result "0-1"]
[WhiteElo "1743"]
[BlackElo "2335"]
[PlyCount "62"]
[EventDate "2024.11.20"]
[EventType "swiss (blitz)"]
[EventRounds "11"]
[EventCountry "NET"]
[SourceTitle "CB48_2024"]
[SourceDate "2024.11.28"]
[SourceVersion "1"]
[SourceVersionDate "2024.11.28"]
[SourceQuality "1"]

1. b3 d5 2. Ba3 Nf6 3. Nf3 Bf5 4. e3 c6 5. d4 Nbd7 6. Bd3 Bxd3 7. Qxd3 e6 8. Bxf8 Nxf8 9. c4 Ng6 10. 0-0 0-0 11. Nbd2 Qe7 12. e4 dxe4 13. Nxe4 Nxe4 14. Qxe4 Rad8 15. Rad1 Rfe8 16. Rfe1 h6 17. g3 f5 18. Qe2 Kf7 19. h4 Qf6 20. h5 Nf8 21. Ne5+ Kg8 22. Kg2 f4 23. Qg4 c5 24. Qxf4 Qxf4 25. gxf4 cxd4 26. Re4 Nh7 27. Rexd4 Rxd4 28. Rxd4 Nf6 29. Kf3 Rc8 30. Ng6 Kf7 31. Rd7+ Nxd7 0-1

[Event "Kazakhstan Cup Final (Women)"]
[Site "Almaty"]
[Date "2024.11.15"]
[Round "2.2"]
[White "Nurgaliyeva, Zarina"]
[Black "Balabayeva, Kseniya"]
[Result "1-0"]
[WhiteElo "2129"]
[BlackElo "2335"]
[PlyCount "121"]
[EventDate "2024.11.12"]
[EventType "k.o."]
[EventRounds "4"]
[EventCountry "KAZ"]
[SourceTitle "CB47_2024"]
[SourceDate "2024.11.20"]
[SourceVersion "1"]
[SourceVersionDate "2024.11.20"]
[SourceQuality "1"]

1. e4 c6 2. d4 d5 3. Nd2 dxe4 4. Nxe4 Nf6 5. Nxf6+ exf6 6. Bd3 Bd6 7. Qh5 Be6 8. Ne2 Nd7 9. 0-0 f5 10. Qf3 Qf6 11. c3 0-0 12. Nf4 Rfe8 13. Nxe6 fxe6 14. Re1 g6 15. Qd1 Rad8 16. Qb3 Nb6 17. a4 Rd7 18. Bf1 Qf7 19. a5 Nd5 20. g3 a6 21. Bg5 Bb8 22. Re2 Kg7 23. Rae1 h6 24. Bd2 g5 25. Bg2 Ba7 26. Qc2 Nf6 27. b4 Rde7 28. Bc1 e5 29. dxe5 Ng4 30. c4 Bd4 31. Bb2 Bxe5 32. Rxe5 Nxe5 33. f4 Rd7 34. Bxe5+ Kg6 35. Bh3 h5 36. Bf1 g4 37. Bd3 Red8 38. Re3 Re8 39. c5 Rdd8 40. Bc4 Qe7 41. Re2 Qd7 42. Kg2 Re7 43. Bd6 Rxe2+ 44. Qxe2 Re8 45. Qc2 Re4 46. Bd3 Re3 47. Qc4 Kh7 48. Qd4 Qe8 49. Bxf5+ Kg8 50. Be5 Re2+ 51. Kg1 Re1+ 52. Kf2 Rh1 53. Kg2 Re1 54. Qc4+ Kf8 55. Qc3 Re2+ 56. Kg1 Qf7 57. Qd3 Qa2 58. Qd8+ Kf7 59. Qf6+ Ke8 60. Bg6+ Kd7 61. Qd6+ 1-0

[Event "Kazakhstan Cup Final (Women)"]
[Site "Almaty"]
[Date "2024.11.14"]
[Round "2.1"]
[White "Balabayeva, Kseniya"]
[Black "Nurgaliyeva, Zarina"]
[Result "1/2-1/2"]
[WhiteElo "2335"]
[BlackElo "2129"]
[PlyCount "62"]
[EventDate "2024.11.12"]
[EventType "k.o."]
[EventRounds "4"]
[EventCountry "KAZ"]
[SourceTitle "CB47_2024"]
[SourceDate "2024.11.20"]
[SourceVersion "1"]
[SourceVersionDate "2024.11.20"]
[SourceQuality "1"]

1. d4 Nf6 2. Nf3 d5 3. Bf4 c5 4. e3 Nc6 5. Nbd2 Qb6 6. dxc5 Qxb2 7. Rb1 Qc3 8. Bb5 g6 9. e4 dxe4 10. Be5 Qa5 11. 0-0 exf3 12. Bxc6+ bxc6 13. Qxf3 Qd8 14. Rfe1 Qd5 15. Qxd5 cxd5 16. Bxf6 Rg8 17. c6 Be6 18. Bd4 Rc8 19. Nb3 Rxc6 20. Bxa7 Bg7 21. a4 Bf5 22. Nd4 Bxd4 23. Bxd4 Bc8 24. a5 g5 25. Rb8 Kd7 26. Ra1 Re8 27. Ra8 Ra6 28. Ra7+ Rxa7 29. Bxa7 Ba6 30. Be3 f6 31. Rd1 e6 1/2-1/2

[Event "Swiss Queens Wed #40"]
[Site "FIDE Online Arena INT"]
[Date "2024.10.30"]
[Round "2"]
[White "Balabayeva, Kseniya"]
[Black "Buksa, Nataliya"]
[Result "0-1"]
[WhiteElo "2335"]
[BlackElo "2400"]
[PlyCount "120"]
[EventDate "2024.10.30"]
[EventType "swiss (blitz)"]
[EventRounds "11"]
[EventCountry "NET"]
[SourceTitle "CB45_2024"]
[Source "ChessBase"]
[SourceDate "2024.11.06"]
[SourceVersion "1"]
[SourceVersionDate "2024.11.06"]
[SourceQuality "1"]

1. e4 c5 2. Nf3 Nc6 3. Bb5 d6 4. 0-0 Bd7 5. Re1 a6 6. Bf1 Bg4 7. h3 Bxf3 8. Qxf3 e5 9. c3 g6 10. a4 Bg7 11. Na3 Nge7 12. Nc4 b6 13. d3 0-0 14. g3 Rb8 15. Bg2 b5 16. axb5 axb5 17. Ne3 Qd7 18. h4 Ra8 19. Rb1 b4 20. h5 bxc3 21. bxc3 Rfb8 22. Rxb8+ Rxb8 23. Ng4 f5 24. Ne3 Rf8 25. Bh3 Qe8 26. hxg6 hxg6 27. exf5 gxf5 28. Nxf5 Nxf5 29. Bxf5 Qf7 30. Qxc6 Qxf5 31. Qd5+ Kh7 32. Be3 Rf6 33. Qe4 Qxe4 34. dxe4 Bh6 35. Kg2 Bxe3 36. Rxe3 Kg6 37. Rd3 Kg5 38. f3 Rh6 39. c4 Re6 40. Rd2 Kf6 41. Kh3 Ke7 42. Rf2 Rh6+ 43. Kg2 Rh8 44. f4 Rb8 45. fxe5 dxe5 46. Rd2 Rb4 47. Rd5 Rxc4 48. Rxe5+ Kd6 49. Rd5+ Ke6 50. Kf3 Rc3+ 51. Kf4 c4 52. Rc5 Kd6 53. Rc8 Rc1 54. e5+ Kd7 55. Rc5 Ke6 56. Rc6+ Kd5 57. Rd6+ Kc5 58. Rd8 c3 59. e6 Re1 60. Kf5 Kc4 0-1

[Event "Swiss Queens Wed #40"]
[Site "FIDE Online Arena INT"]
[Date "2024.10.30"]
[Round "6"]
[White "Balabayeva, Kseniya"]
[Black "Gunina, Valentina"]
[Result "0-1"]
[WhiteElo "2335"]
[BlackElo "2425"]
[PlyCount "102"]
[EventDate "2024.10.30"]
[EventType "swiss (blitz)"]
[EventRounds "11"]
[EventCountry "NET"]
[SourceTitle "CB45_2024"]
[Source "ChessBase"]
[SourceDate "2024.11.06"]
[SourceVersion "1"]
[SourceVersionDate "2024.11.06"]
[SourceQuality "1"]

1. e4 c5 2. Nf3 Nc6 3. Bb5 e6 4. 0-0 Nge7 5. c3 a6 6. Bxc6 bxc6 7. e5 Ng6 8. Na3 d6 9. exd6 Bxd6 10. Nc4 Bc7 11. b3 0-0 12. Ba3 e5 13. Re1 Re8 14. d3 Bf5 15. Bxc5 Bxd3 16. Nb2 Bf5 17. Qxd8 Raxd8 18. Rad1 h6 19. h3 Nf4 20. Be3 Nd5 21. Bd2 f6 22. c4 Nf4 23. Bxf4 exf4 24. Rxe8+ Rxe8 25. Nd4 Bd7 26. Na4 Re5 27. Nf3 Re7 28. Nc5 Bc8 29. Nd4 Bb6 30. Nxc6 Rc7 31. Na4 Bxf2+ 32. Kxf2 Rxc6 33. Rd4 g5 34. b4 Be6 35. Nc5 Bf7 36. a3 Kg7 37. Kf3 h5 38. Ke2 a5 39. Kd3 axb4 40. axb4 Bg6+ 41. Kc3 Bf5 42. Nb3 Re6 43. b5 f3 44. gxf3 Bxh3 45. c5 g4 46. fxg4 hxg4 47. c6 g3 48. Rd3 g2 49. Rg3+ Kf7 50. Kd2 f5 51. Nd4 f4 0-1